banner-ar

قصة الكتابة والطباعة: من الصخرة المنقوشة الى الصفحة المطبوعة / (Record no. 37285)

MARC details
000 -الفاتح
حقل البيانات ثابتة الطول 00916nam a2200253Ia 4500
008 - عناصر البيانات ثابتة الطول - معلومات عامة
حقل البيانات ثابتة الطول 140319s9999 xx 000 0 ara d
040 ## - مصدر الفهرسة
وكالة الفهرسة الأصلية GCL /
وكالة النسخ GCL
082 04 - رقم تصنيف ديوى العشرى
رقم التصنيف 401.1
رقم المادة ر ف
100 1# - المدخل الرئيسى - إسم شخصى
الإسم الشخصى احمد حسين الصاوى
245 10 - بيان العنوان
العنوان قصة الكتابة والطباعة: من الصخرة المنقوشة الى الصفحة المطبوعة /
بيان المسئوليه,etc احمد حسين الصاوى
700 1# - المدخل الاضافى - اسم شخصى
الإسم الشخصى السيد ابو النجا
700 1# - المدخل الاضافى - اسم شخصى
الإسم الشخصى روجرز، فرانسيس
700 1# - المدخل الاضافى - اسم شخصى
الإسم الشخصى زكى نجيب محمود
260 ## - PUBLICATION, DISTRIBUTION, ETC. (IMPRINT)
تاريخ النشر أو التوزيع 1969
300 ## - الوصف المادى
التعداد 252 ص
490 ## - بيان السلسلة
عنوان السلسلة معالم الطريق: شخصيات واحداث غيرت مجرى ال
رقم المجلد/ التعيين التسلسلي 0
650 04 - المدخل الاضافى بالموضوع-مصطلح موضوعى
مصطلح موضوعي الحضارة
650 04 - المدخل الاضافى بالموضوع-مصطلح موضوعى
مصطلح موضوعي اللغة العربية
650 04 - المدخل الاضافى بالموضوع-مصطلح موضوعى
مصطلح موضوعي الطباعة
650 04 - المدخل الاضافى بالموضوع-مصطلح موضوعى
مصطلح موضوعي النقوش
650 04 - المدخل الاضافى بالموضوع-مصطلح موضوعى
مصطلح موضوعي الكتابة، تاريخ
942 ## - عناصر المدخل الإضافي( كوها)
مصدر التصنيف او مخطط الترفيف Dewey Decimal Classification
Koha [default] item type كتاب
260 ## - PUBLICATION, DISTRIBUTION, ETC. (IMPRINT)
-- [S.N] :
-- مكتبة الانجلوالمصرية ،
Holdings
حالة التراجع حالة الفقد حالة تلف ليس للاعارة المكان المؤقت الموقع الحالى تاريخ الاكتساب اجمالي اﻻعارات رقم الطلب الباركود تاريخ اخر مشاهدة تاريخ تفعيل السعر نوع وعاء كوها
        مكتبة القاهرة الكبرى مكتبة القاهرة الكبرى 03/26/2014   401.1\ر ف 90860 03/26/2014 03/26/2014 كتاب
        مكتبة القاهرة الكبرى مكتبة القاهرة الكبرى 03/26/2014   401.1\ر ف 90861 03/26/2014 03/26/2014 كتاب

Powered By

EGPV